Biblioteca ESET

Biocatalizadores : (Registro nro. 284)

Detalles MARC
000 -CABECERA
fixed length control field 00431nam a22001457a 4500
001 - NUMERO DE CONTROL
control field 9789875582217
003 - CONTROL NUMBER IDENTIFIER
control field AR-BeUNQ
005 - FECHA Y HORA DE LA ULTIMA TRANSACCION
control field 20220707192142.0
245 ## - MENCION DE TITULO
Título Biocatalizadores :
Otra información sobre el título Del laboratorio a la industris
Mención de responsabilidad, etc Elizabeth Lewkowicz
Medio físico libro
250 #5 - MENCION DE EDICION
Mención de edición 1a.ed
260 ## - PUBLICACION, DISTRIBUCION, ETC.
Lugar de publicación, distribución, etc. Bernal :
Nombre del editor, distribuidor, etc. Universidad NAcional de Quilmes,
Fecha de publicación, distribución, etc 2011.
490 ## - MENCION DE SERIE
Mención de serie Nuevos enfoques en ciencia y Tecnologia.
500 ## - NOTA GENERAL
Nota general Biotecnología. Enzimas.
942 ## - ELEMENTOS DE PUNTO DE ACCESO ADICIONAL (KOHA)
Tipo de ítem Koha Libros
Existencias
Estado de retiro Estado de pérdida No para préstamo Ubicación permanente Ubicación actual Ubicación en estantería Fecha de ingreso Total Checkouts Signatura topográfica completa Inventario Date last seen Tipo de ítem Koha
      Biblioteca ESET - UNQ Biblioteca ESET - UNQ CIRCULACION 16/06/2022   574 / BIO 59503 07/07/2022 Libros
      Biblioteca ESET - UNQ Biblioteca ESET - UNQ CIRCULACION 16/06/2022   574 / BIO 59568 07/07/2022 Libros

ESET UNQ

☏ 4365-7188
 Avenida República de Francia 1714 entre Doctor Kenny y Concordia, Ezpeleta, Bs As.
✉ secretaria_eset@unq.edu.ar

Con tecnología Koha